[Event "AUTO-MASTER-1289"]
[Site "http://www.queenalice.com/game.php?id=868988"]
[Date "2010.12.7"]
[Round "1"]
[White "andrevillares"]
[Black "TIGER86"]
[Result "1-0"]
[WhiteElo "2060"]
[BlackElo "2142"]

1. d4 d5 2. c4 e6 3. Nc3 Nf6 4. Bg5 Be7 5. e3 O-O 6. Nf3 Nbd7 7. Rc1 c6 8. Be2
dxc4 9. Bxc4 b5 10. Bd3 Bb7 11. O-O a6 12. e4 c5 13. e5 Nh5 14. Bxe7 Qxe7 15. h4
g6 16. Ne4 Bxe4 17. Bxe4 Rad8 18. Qe2 cxd4 19. Rfd1 Rfe8 20. Rxd4 Nxe5 21. Rxd8
Nxf3+ 22. Bxf3 Rxd8 23. Bxh5 gxh5 24. Qxh5 Qf6 25. Rc3 Rd5 26. Qg4+ Qg6 27. Qf4
Qb1+ 28. Kh2 Qxb2 29. Rg3+ Kf8 30. Qb8+ Ke7 31. Qc7+ Rd7 32. Qc5+ Rd6 33. Rd3
Qe5+ 34. Qxe5 Rxd3 35. Qc5+ Rd6 36. Kg3 Kd7 37. Qa7+ Ke8 38. Kf4 Kf8 39. h5 h6
40. Qc5 Ke7 41. Ke5 f6+ 42. Ke4 Kd7 43. Qa7+ Kd8 44. Qg7 e5 45. Kf5 Ke8 46. Qxh6
Kd7 47. Qg7+ Kc6 48. h6 1-0

[Event "AUTO-MASTER-1289"]
[Site "http://www.queenalice.com/game.php?id=868989"]
[Date "2010.12.7"]
[Round "1"]
[White "TIGER86"]
[Black "andrevillares"]
[Result "1-0"]
[WhiteElo "2128"]
[BlackElo "2103"]

1. e4 c6 2. Nc3 d5 3. d4 dxe4 4. Nxe4 Nd7 5. Bd3 Ndf6 6. Ng5 h6 7. N5f3 Bg4 8.
h3 Bxf3 9. Nxf3 e6 10. Bf4 Ne7 11. c4 Qb6 12. Qc2 O-O-O 13. O-O g5 14. Be3 Bg7
15. Ne5 Rhf8 16. Rab1 Qc7 17. b4 Nd7 18. Nf3 f5 19. Qa4 a6 20. Rfc1 Nb6 21. Qb3
f4 22. Bd2 Bxd4 23. b5 axb5 24. cxb5 c5 25. Qxe6+ Kb8 26. Ba5 Rd6 27. Bxb6 Rxb6
28. Qc4 Rd8 29. Nxd4 Rxd4 30. Qxd4 cxd4 31. Rxc7 Kxc7 32. a4 Re6 33. a5 Nd5 34.
Kf1 Nc3 35. Re1 Rxe1+ 36. Kxe1 Kd6 37. Kd2 Kc5 38. a6 bxa6 39. bxa6 Kb6 40. Kc2
Nd5 41. Kb3 Nf6 42. Kc4 Kxa6 43. Kxd4+ Kb6 44. Ke5 Ng8 45. Ke6 Kc5 46. Bh7 Kc4
47. Bxg8 Kd3 48. Kf6 Ke2 49. Kg6 Kxf2 50. Bd5 Kg3 51. Bf3 g4 52. hxg4 1-0

[Event "AUTO-MASTER-1289"]
[Site "http://www.queenalice.com/game.php?id=869000"]
[Date "2010.12.7"]
[Round "1"]
[White "TIGER86"]
[Black "goldaric"]
[Result "1-0"]
[WhiteElo "2147"]
[BlackElo "1967"]

1. d4 Nc6 2. e4 e6 3. Nf3 d5 4. e5 h6 5. a3 a6 6. Bd3 Be7 7. h4 Bd7 8. h5 Na5 9.
Qe2 c5 10. dxc5 Nc6 11. b4 Na7 12. Bb2 Bb5 13. Nd4 Bxd3 14. Qxd3 Rc8 15. Nxe6
fxe6 16. Qg6+ Kf8 17. Rh3 Nf6 18. Rf3 Kg8 19. exf6 1-0

[Event "AUTO-MASTER-1289"]
[Site "http://www.queenalice.com/game.php?id=869001"]
[Date "2010.12.7"]
[Round "1"]
[White "goldaric"]
[Black "TIGER86"]
[Result "0-1"]
[WhiteElo "1958"]
[BlackElo "2154"]

1. e4 e6 2. Nf3 c5 3. Nc3 Nc6 4. Bc4 a6 5. d4 cxd4 6. Nxd4 Qc7 7. O-O Nf6 8. Qe2
Nxd4 9. Qd3 Bc5 10. Bg5 b5 11. Bxf6 gxf6 12. a3 bxc4 13. Qd2 Bb7 14. Kh1 Ke7 15.
Na4 Bxe4 16. c3 Nb3 17. Qe2 Qc6 18. Nxc5 Bxg2+ 19. Kg1 Rhg8 0-1

[Event "AUTO-MASTER-1287"]
[Site "http://www.queenalice.com/game.php?id=909321"]
[Date "2011.3.6"]
[Round "2"]
[White "GEORGESILVA"]
[Black "TIGER86"]
[Result "0-1"]
[WhiteElo "2200"]
[BlackElo "2135"]

1. e4 c5 2. Nf3 Nc6 3. d4 cxd4 4. Nxd4 Nf6 5. Nc3 d6 6. Be2 Bd7 7. O-O Nxd4 8.
Qxd4 Bc6 9. Bg5 e6 10. Bxf6 Qxf6 11. Qe3 a6 12. f4 Be7 13. Bd3 O-O 14. Rf3 Rac8
15. Rh3 e5 16. fxe5 dxe5 17. Rf1 Qg5 18. Qxg5 Bxg5 19. Nd5 g6 20. Nf6+ Bxf6 21.
Rxf6 Rfd8 22. Rhf3 Rd7 23. h4 Rcc7 24. h5 Kg7 25. hxg6 hxg6 26. Kf2 Bb5 27. Bxb5
axb5 28. Rb6 Rxc2+ 29. Kg3 Rxb2 30. Rb3 Rxb3+ 31. axb3 Rd3+ 32. Kg4 Rxb3 33.
Rxb7 b4 34. g3 Rb1 35. Kg5 b3 36. Kg4 b2 37. Kg5 Re1 38. Rxb2 Rxe4 39. Rb7 Re1
40. g4 e4 41. Kf4 e3 42. Kf3 e2 43. Re7 Kf6 44. Rxe2 Rxe2 45. Kxe2 Ke5 46. Kf3
g5 47. Ke3 f6 48. Kf3 Kd4 0-1

[Event "AUTO-MASTER-1287"]
[Site "http://www.queenalice.com/game.php?id=909322"]
[Date "2011.3.6"]
[Round "2"]
[White "TIGER86"]
[Black "GEORGESILVA"]
[Result "0-1"]
[WhiteElo "2128"]
[BlackElo "2190"]

1. Nf3 f5 2. c4 Nf6 3. d4 e6 4. Bg5 Be7 5. Nc3 d5 6. Bxf6 Bxf6 7. Qb3 c6 8. e3
O-O 9. Be2 Kh8 10. O-O Nd7 11. Rfd1 g5 12. Ne1 Bg7 13. Nd3 Nf6 14. c5 Qc7 15.
Rac1 Bd7 16. Ne5 Be8 17. Qc2 Nh5 18. Nd3 Rf6 19. Bxh5 Bxh5 20. Re1 Rh6 21. g3
Bf3 22. Rf1 Qf7 23. Ne1 g4 24. Nxf3 gxf3 25. Rfd1 Rxh2 26. Kxh2 Qh5+ 27. Kg1 Qh3
28. Qd3 Qg2# 0-1

[Event "AUTO-MASTER-1287"]
[Site "http://www.queenalice.com/game.php?id=909325"]
[Date "2011.3.6"]
[Round "2"]
[White "tranquilli_calmo"]
[Black "TIGER86"]
[Result "1-0"]
[WhiteElo "2061"]
[BlackElo "2149"]

1. d4 Nf6 2. c4 e6 3. Nc3 d5 4. cxd5 exd5 5. Bg5 c6 6. e3 Be7 7. Bd3 Bg4 8. Qc2
Nbd7 9. Nge2 Bxe2 10. Nxe2 O-O 11. Ng3 g6 12. Bh6 Re8 13. h4 Ng4 14. h5 Bb4+ 15.
Kf1 Qf6 16. hxg6 fxg6 17. Kg1 Nxh6 18. Rxh6 Nf8 19. Kh2 Bd6 20. Rh1 Qg5 21. Rh3
Re7 22. Kg1 Rf7 23. e4 dxe4 24. Nxe4 Qe7 25. Nxd6 Qxd6 26. Bc4 Re8 27. Bxf7+
Kxf7 28. Qb3+ Kg7 29. Re3 Re7 30. Rhh3 Rd7 31. Rhf3 Re7 32. d5 cxd5 33. Qc3+ Kg8
34. Rxf8+ Kxf8 35. Qh8+ Kf7 36. Rf3+ Ke6 37. Rf6+ Kd7 38. Rxd6+ Kxd6 39. Qb8+
Kc6 40. Qxa7 Rd7 41. Qd4 b5 42. Kf1 1-0

[Event "AUTO-MASTER-1287"]
[Site "http://www.queenalice.com/game.php?id=909326"]
[Date "2011.3.6"]
[Round "2"]
[White "TIGER86"]
[Black "tranquilli_calmo"]
[Result "1-0"]
[WhiteElo "2123"]
[BlackElo "2131"]

1. e4 c5 2. Nf3 d6 3. d4 cxd4 4. Nxd4 Nf6 5. Nc3 g6 6. Be2 Bg7 7. Be3 O-O 8. Qd2
Re8 9. O-O-O Ng4 10. Bxg4 Bxg4 11. f3 Bd7 12. g4 Nc6 13. h4 Ne5 14. h5 Nc4 15.
Qe2 Rc8 16. hxg6 Qb6 17. gxf7+ Kxf7 18. b3 Qb4 19. Nb1 Na3 20. Nxa3 Qxa3+ 21.
Kb1 Rc5 22. Rxh7 Ra5 23. c4 Kg6 24. Qh2 Rc8 25. Rxg7+ Kxg7 26. Qh6+ Kg8 27. Qg6+
Kf8 28. Bh6# 1-0

[Event "AUTO-MASTER-1287"]
[Site "http://www.queenalice.com/game.php?id=909329"]
[Date "2011.3.6"]
[Round "2"]
[White "TIGER86"]
[Black "Gil"]
[Result "1/2-1/2"]
[WhiteElo "2124"]
[BlackElo "2269"]

1. d4 d5 2. c4 dxc4 3. Nf3 e6 4. Nc3 c5 5. Qa4+ Nc6 6. dxc5 Bxc5 7. Qxc4 Bb6 8.
Bf4 Nf6 9. Rd1 Bd7 10. e3 Rc8 11. Bg5 Nd4 12. Qd3 Nxf3+ 13. gxf3 Bc6 14. Qxd8+
Rxd8 15. Rxd8+ Kxd8 16. Be2 Ke7 17. O-O Rd8 18. Rd1 Rxd1+ 19. Bxd1 Bc7 20. e4 h6
21. Be3 b6 22. Be2 1/2-1/2

[Event "AUTO-MASTER-1287"]
[Site "http://www.queenalice.com/game.php?id=909330"]
[Date "2011.3.6"]
[Round "2"]
[White "Gil"]
[Black "TIGER86"]
[Result "1/2-1/2"]
[WhiteElo "2293"]
[BlackElo "2118"]

1. d4 d5 2. Nf3 Nf6 3. e3 e6 4. c4 dxc4 5. Bxc4 c5 6. O-O a6 7. dxc5 Qxd1 8.
Rxd1 Bxc5 9. Nc3 b5 10. Bd3 Bb7 11. a3 Nc6 12. b4 Bb6 13. Bb2 O-O 14. Rac1 Rfd8
15. Ne2 Ne8 16. Ng3 Rac8 17. Ne4 h6 18. h4 Kf8 19. Nc5 Bxc5 20. Rxc5 Nc7 21. Kh2
Nd5 22. Kh3 Nce7 23. Rxc8 Rxc8 24. Nd2 Rc7 25. Ne4 Nc6 26. Nc5 Bc8 27. Kg3 Nf6
28. Be2 Ke7 29. Bc3 g6 30. e4 Nd7 31. f4 Nxc5 32. bxc5 Bd7 33. h5 Kf8 34. Bf6
Be8 35. hxg6 fxg6 36. e5 Ne7 37. Rc1 1/2-1/2

[Event "The eye of the tiger"]
[Site "http://www.queenalice.com/game.php?id=911223"]
[Date "2011.3.10"]
[Round "-"]
[White "TIGER86"]
[Black "ernesto_che"]
[Result "0-1"]
[WhiteElo "2133"]
[BlackElo "2266"]

1. Nf3 d5 2. d4 g6 3. Bf4 Bg7 4. e3 Nf6 5. h3 O-O 6. Bd3 Re8 7. Nbd2 Nh5 8. Be5
Nc6 9. Bxg7 Nxg7 10. Bb5 Qd6 11. O-O Bf5 12. Nb3 Ne6 13. Ne5 f6 14. Bxc6 bxc6
15. Nd3 Ng5 16. Nbc5 e5 17. h4 Ne6 18. Nxe6 Rxe6 19. g3 Rb8 20. b3 Rbe8 21. Re1
exd4 22. exd4 Rxe1+ 23. Nxe1 Qb4 24. Ng2 Qc3 25. Ne3 Rxe3 26. fxe3 Qxe3+ 27. Kg2
Be4+ 28. Kf1 Qxg3 29. Qe2 Qh3+ 30. Kf2 Qxh4+ 31. Ke3 Qg3+ 32. Kd2 h5 33. Re1 h4
34. Qe3 Qxe3+ 35. Rxe3 g5 36. Rh3 Kg7 37. c4 f5 38. cxd5 cxd5 39. Rc3 g4 40.
Rxc7+ Kg6 41. Ke3 h3 42. Rxa7 h2 43. Kf4 h1=Q 44. Ra6+ Kh5 0-1

[Event "QA-ANNIV-06"]
[Site "http://www.queenalice.com/game.php?id=924384"]
[Date "2011.4.10"]
[Round "4"]
[White "kasker"]
[Black "TIGER86"]
[Result "1-0"]
[WhiteElo "2490"]
[BlackElo "2134"]

1. e4 c5 2. Nf3 d6 3. d4 cxd4 4. Nxd4 Nf6 5. Nc3 a6 6. Bg5 e6 7. f4 Nbd7 8. Qf3
Be7 9. O-O-O O-O 10. Be2 Qc7 11. Qg3 Re8 12. Bf3 Rb8 13. Rhe1 e5 14. Nf5 Bf8 15.
Nxg7 Bxg7 16. Bh6 Kf8 17. Qxg7+ Ke7 18. Bg5 1-0